| 000 | 00880am a2200313a 44500 | ||
|---|---|---|---|
| 003 | AR-BaBNM | ||
| 005 | 20251128211055.0 | ||
| 008 | 052020s1961 #AR|||||||||||000 | spa|| | ||
| 040 | _cAR-BaBNM | ||
| 100 | 1 | _aRussell, Bertrand | |
| 245 | 1 | 0 |
_aLos caminos de la libertad _bel socialismo, el anarquismo y el sindicalismo |
| 260 |
_aBuenos Aires _bM. Aguilar, Editor _c1961 |
||
| 300 | _a163 p. | ||
| 490 | 0 | _aColección literaria | |
| 500 | _aContiene el prefacio a la tercera edición julio de 1948 | ||
| 600 | 1 | 4 | _aMarx, Karl |
| 600 | 1 | 4 | _aBakunin, Mijail |
| 650 | 4 | _aANARQUISMO | |
| 650 | 4 | _aSOCIALISMO | |
| 650 | 4 | _aSINDICALISMO | |
| 650 | 4 | _aHISTORIA DE LAS IDEAS | |
| 650 | 4 | _aMOVIMIENTO OBRERO | |
| 650 | 4 | _aESTADO | |
| 650 | 4 | _aPODER POLITICO | |
| 650 | 4 | _aLIBERTAD | |
| 700 | 1 |
_aGarcía Paladini, A. _etraductor |
|
| 942 | _cBK | ||
| 998 | _calicia | ||
| 999 |
_c18108 _d18108 |
||